000 00994cab a2200253 4500
001 X2028
008 090401t1995 xxu||||| |||| 00| 0 eng d
035 _a(Sirsi) u21282
041 _aeng
245 _aCommission for the New Towns v Cooper (Great Britain)
260 _c1995
350 _a0
490 _aNew Property Cases
_v1995 NPC 34
490 _aEstates Gazette Case Summaries
_v1995 EGCS 30
490 _aEstates Gazette
_v(1995) 26 EG 129-140(12)
520 _aCA 24 February 1995. Extends the notion of unconscionability in the law of rectification of contracts and rules on the role of contracts by correspondence under the Law of Property (Miscellaneous Provisions) Act 1989. NB NO PHOTOCOPYING ALLOWED from NPC reference.
650 _aLAW OF CONTRACT
650 _aLAW OF PROPERTY (MISCELLANEOUS PROVISIONS) ACT 1989
650 _aRECTIFICATION
650 _aUNCONSCIONABILITY
690 _aPROPERTY LAW AND PRACTICE-CASE LAW
942 _n0
948 _c04/03/1997
999 _c14288
_d14288